| 000 | 00979nam a2200301Ia 4500 | ||
|---|---|---|---|
| 001 | 2218 | ||
| 003 | IT-RoPAU | ||
| 008 | 130308s9999 xx 000 0 und d | ||
| 040 | _aIT-RoPAU | ||
| 040 | _cIT-RoPAU | ||
| 041 | _aITALIANO | ||
| 100 | _aLorenzi Zita | ||
| 100 | _gCodice Aut. SPICS: 4503 | ||
| 245 | _aCiclo di teleforum su spettacoli in tv | ||
| 245 | _bCiclo di teleforum su spettacoli in Tv | ||
| 250 | _a1a ed. | ||
| 260 | _aROMA | ||
| 260 | _bAiart | ||
| 260 | _c1976 [1° Ed.:1976 - Ed.Ling.Originale:1976] | ||
| 300 | _a"160 p. (prefazione: no ; testo: 160)" | ||
| 500 | _aViolenza e Mass Media violenza in Televisione Effetti della violenza in Tvinterviste e Studio internazionale dell'Unesco Spettacolo di Evasione Televisione e gli Altri Strumenti della Comunicazione Sociale Educazione e Tv | ||
| 650 | _aSAGGI SULLA TELEVISIONE | ||
| 650 | _eCodice materia Spics: 6961 | ||
| 942 | _cBK | ||
| 957 | _71 | ||
| 999 |
_c73250 _d73250 |
||
| 999 | _bSI | ||
| 999 | _g2 | ||